000
00310nam a22001457a 4500
999
_c
54937
_d
54937
008
190926b ||||| |||| 00| 0 eng d
020
_a
9789951541015
041
_a
eng
080
_a
336
082
_a
336
100
_a
61
101
_a
M F
245
_a
P 5 Raportimi Financiar
_c
ShKÇAK
942
_2
udc
_c
BK